| 000 | 01286nam a2200397 4500 | ||
|---|---|---|---|
| 999 |
_c24104 _d24104 |
||
| 001 | vtls012236425 | ||
| 005 | 20251219142720.0 | ||
| 008 | 230807s2023 xo g 010 f slo | ||
| 020 |
_a9788055188577 _q(viazané) |
||
| 040 |
_aSNK _bslo _cSNK _erda |
||
| 041 | 1 |
_aslo _heng |
|
| 044 |
_axo _cSK |
||
| 072 | 7 |
_a821.111(73)-3 _xAmerická próza _2konspekt |
|
| 080 |
_a821.111(73)-31 _22011 |
||
| 080 |
_a(0:82-311.6) _22011 |
||
| 080 |
_a(0:82-312.5) _22011 |
||
| 100 | 1 |
_aSullivan, Emily _4aut _95377 |
|
| 240 | 1 | 4 |
_aThe rebel and the rake _lSlovensky |
| 245 | 1 | 0 |
_aRebelka a záletník _cEmily Sullivan ; preložila Zuzana Gašparovičová |
| 264 | 1 |
_aBratislava _bIkar _c2023 |
|
| 300 |
_a333 strán _c21 cm |
||
| 336 |
_atext _btxt _2rdacontent |
||
| 337 |
_abez média _bn _2rdamedia |
||
| 338 |
_azväzok _bnc _2rdacarrier |
||
| 500 | _aPreložené z angličtiny | ||
| 655 | 7 |
_ahistorické romány _2SNKPH _91688 |
|
| 655 | 7 |
_aľúbostné romány _2SNKPH _913 |
|
| 655 | 7 |
_aAmerican fiction _2SNKPHeng _93 |
|
| 655 | 7 |
_aHistorical novels _2SNKPHeng _91689 |
|
| 655 | 7 |
_aLove novels _2SNKPHeng _91667 |
|
| 655 | 7 |
_aamerické romány _2SNKPH _92 |
|
| 700 | 1 |
_aGašparovičová, Zuzana _4trl _92588 |
|
| 958 | _aLX | ||
| 958 | _aUP | ||